书目信息 |
| 题名: |
同等学历人员申请硕士学位英语水平全国统考--词汇准备
|
|
| 作者: | 李景雨 主编 | |
| 分册: | ||
| 出版信息: | 天津 天津大学出版社 2001.10 |
|
| 页数: | 237页 | |
| 开本: | 26cm | |
| 丛书名: | ||
| 单 册: | ||
| 中图分类: | H313 | |
| 科图分类: | ||
| 主题词: | 英语 | |
| 电子资源: | ||
| ISBN: | 7-5618-1519-0 | |
| 000 | 00646nam0 2200193 45 | |
| 001 | 0430815260 | |
| 005 | 2004051108333523 | |
| 010 | @a7-5618-1519-0@d22.50CNY | |
| 100 | @a20040511d2001 km y0chiy0120 ea | |
| 101 | 0 | @achi |
| 102 | @aCN@b120000 | |
| 200 | 1 | @a同等学历人员申请硕士学位英语水平全国统考--词汇准备@ATong Deng Xue Li Ren Yuan Shen Qing Shuo Shi Xue Wei Ying Yu Shui Ping Quan Guo Tong Kao--Ci Hui Zhun Bei@f李景雨主编@FLi Jing Yu Zhu Bian |
| 210 | @a天津@c天津大学出版社@d2001.10 | |
| 215 | @a237页@d26cm | |
| 606 | 0 | @a英语 |
| 690 | @aH313@v3 | |
| 701 | 0 | @a李景雨@ALi Jing Yu@4主编 |
| 801 | 0 | @aCN@bPFT@c20040511 |
| 905 | @dH313@eL188 | |
| 同等学历人员申请硕士学位英语水平全国统考--词汇准备/李景雨主编.-天津:天津大学出版社,2001.10 |
| 237页;26cm |
| ISBN 7-5618-1519-0:22.50CNY |
| ● |
| 相关链接 |
|
|
|
正题名:同等学历人员申请硕士学位英语水平全国统考
索取号:H313/L188
 
预约/预借
| 序号 | 登录号 | 条形码 | 馆藏地/架位号 | 状态 | 备注 |
| 1 | 392745 | 203927457 | 语言库209/209语言库 102排8列1层/ [索取号:H313/L188] | 在馆 | |
| 2 | 392746 | 203927466 | 语言库209/209语言库 102排8列1层/ [索取号:H313/L188] | 在馆 | |
| 3 | 392747 | 203927475 | 语言库209/209语言库 102排8列1层/ [索取号:H313/L188] | 在馆 |